| 000 | 00857nam a2200241 a 4500 | ||
|---|---|---|---|
| 999 |
_c10714 _d10714 |
||
| 001 | 10714 | ||
| 003 | BD-JhCC | ||
| 005 | 20201112134020.0 | ||
| 008 | 180811s2015 bg |||| |||| 00| 0 ben d | ||
| 020 | _a9789844080423 | ||
| 035 | _a(BD-JhCC)10714 | ||
| 040 |
_aBD-JhCC _dBD-JhCC |
||
| 041 | _aben | ||
| 082 |
_a891.4435 _bSOF 2018 |
||
| 100 | _aছফা, আহমদ | ||
| 245 |
_aহারানো লেখা / _cআহমদ ছফা, সম্পাদনায় নূরুল আনোয়ার |
||
| 260 |
_aঢাকা : _bখান ব্রাদার্স অ্যান্ড কোম্পানি, _c২০১৫. |
||
| 300 |
_a২৯৬ পৃ. : _c২১ সেমি. |
||
| 650 | _aবাংলা গল্প | ||
| 650 | _aBengali Story | ||
| 700 | _aআনোয়ার, নূরুল | ||
| 942 |
_2ddc _cBK _01 |
||